Real Madrid - Effectif 2024/2025 - Statistiques

Statistiques générales
  • Ce quiz a été pris 454 fois
    238 depuis la dernière actualisation
  • Le résultat moyen est 21 sur 23
Statistiques - réponses
Poste Nationalité Numéro Joueur % Correct
Gardiens Belge 1 Thibaut Courtois
99%
Milieux de terrain Français 14 Aurélien Tchouaméni
98%
Milieux de terrain Anglais 5 Jude Bellingham
98%
Attaquants Brésilien 7 Vinicius
98%
Milieux de terrain Français 6 Eduardo Camavinga
97%
Attaquants Français 9 Kylian Mbappé
97%
Milieux de terrain Croate 10 Luka Modric
97%
Défenseurs Autrichien 4 David Alaba
96%
Défenseurs Allemand 22 Antonio Rüdiger
95%
Milieux de terrain Turque 15 Arda Güler
95%
Attaquants Brésilien 11 Rodrygo
95%
Gardiens Ukraine 13 Andriy Lunin
94%
Entraineur Italien - Carlo Ancelotti
94%
Défenseurs Brésilien 3 Éder Militão
94%
Milieux de terrain Uruguayen 8 Federico Valverde
94%
Défenseurs Français 23 Ferland Mendy
94%
Défenseurs Espagnol 2 Dani Carvajal
93%
Attaquants Marocain 21 Brahim Díaz
90%
Attaquants Brésilien 16 Endrick
89%
Milieux de terrain Espagnol 19 Daniel Ceballos
70%
Défenseurs Espagnol 20 Fran García
68%
Défenseurs Espagnol 17 Lucas Vázquez
64%
Défenseurs Espagnol 18 Jesús Vallejo
48%
Aucun quiz correspondant
Distribution des résultats
% des personnes avec chaque résultat
Percentile par nombre de réponses
Votre historique - résultats
Vous n’avez pas pris ce quiz depuis la dernière actualisation